Novedades cientificas del XXIII Congreso Internacional de la Sociedad de Trasplante (Registro nro. 1790)

Detalles MARC
000 -LEADER
fixed length control field 00666nam a2200205 a 4500
003 - CONTROL NUMBER IDENTIFIER
control field OSt
005 - FECHA ULTIMA MODIFICACION
control field 20131010170256.0
008 - FIXED-LENGTH DATA ELEMENTS--GENERAL INFORMATION
fixed length control field 131010s2010 ag ||||| |||| 10| 0 spa d
040 ## - CATALOGING SOURCE
Transcribing agency Biblioteca Medicina
041 ## - LANGUAGE CODE
Language code of text/sound track or separate title spa
082 ## - DEWEY DECIMAL CLASSIFICATION NUMBER
Item number CONGRESOS 017
111 2# - MAIN ENTRY--MEETING NAME
Meeting name or jurisdiction name as entry element Sociedad de Trasplante
9 (RLIN) 2699
245 00 - TITLE STATEMENT
Title Novedades cientificas del XXIII Congreso Internacional de la Sociedad de Trasplante
260 ## - PUBLICATION, DISTRIBUTION, ETC. (IMPRINT)
Place of publication, distribution, etc s. l.
Name of publisher, distributor, etc s. n.
Date of publication, distribution, etc 2010
300 ## - PHYSICAL DESCRIPTION
Extent 4 p.
518 ## - DATE/TIME AND PLACE OF AN EVENT NOTE
Date/time and place of an event note Vancouver, Canada. Agosto de 2010
653 ## - INDEX TERM--UNCONTROLLED
Uncontrolled term TRASPLANTES-CONGRESOS-2010
942 ## - ADDED ENTRY ELEMENTS (KOHA)
Source of classification or shelving scheme Dewey Decimal Classification
Koha item type Hemeroteca
Existencias
Withdrawn status Lost status Fuente de clasificación Damaged status Not for loan Colección Ubicación permanente Ubicación actual Sala de ubicación Fecha de adquisición Total Checkouts Número de clasificación Date last seen Número de ejemplar Price effective from Koha tipo de elemento (item)
    Dewey Decimal Classification     Non-fiction Biblioteca Medicina Biblioteca Medicina Circulación 10/10/2013   CONGRESOS 017 06/11/2014 Ej. 1 10/10/2013 Hemeroteca

UNIVERSIDAD NACIONAL DEL COMAHUE
Biblioteca de la Facultad de Ciencias Médicas
Sede Toschi: Los Arrayanes y Av. Toschi, Cipolletti  - Rio Negro
Sede Los Tordos:  Yrigoyen al 2211, Cipolletti - Rio Negro 

Teléfono: 0299 - 4774707 int 25
Contacto: biblioteca@facimed.uncoma.edu.ar
© 2011 - 2026